000 00578nam a2200169 i 4500
001 87048
003 ES-MaACL
005 20230906175559.0
007 t|
008 041217s1972 sp ||||1| spa d
100 1 _aKluge, Alexander.
_968307
245 1 4 _aLos artistas bajo la carpa del circo
_b: perplejos, la escéptica, proyecto Z, proverbios de Loni Peickert /
_cAlexander Kluge ; [traductor Bernardo Fernández].
260 _aMadrid :
_bAlianza,
_c[1972]
300 _a163 p. ;
_c18 cm.
700 1 _aFernández, Bernardo.
_949344
852 _aES-MaACL
_jC-47596
_bR.80428
999 _c87048
_d87048